Film DreamWorks - Statistiques

Statistiques générales
  • Ce quiz a été pris 109 fois
  • Le résultat moyen est 9 sur 17
Statistiques - réponses
Par images Réponse % Correct
Shrek
92%
Kung Fu Panda
86%
Madagascar
86%
Le Chat potté
84%
Les Croods
76%
Chicken Run
68%
Gang de requins
65%
Fourmiz
52%
Nos voisins, les hommes
44%
Souris City
44%
Monstres contre Aliens
38%
Le Prince d'Égypte
35%
Spirit, l'étalon des plaines
32%
La Route d'Eldorado
28%
Les Cinq Légendes
23%
Bee Movie : Drôle d'abeille
18%
Sinbad : La Légende des sept mers
9%
Aucun quiz correspondant
Distribution des résultats
% des personnes avec chaque résultat
Percentile par nombre de réponses
Votre historique - résultats
Vous n’avez pas pris ce quiz